03679nam a2200565Ia 4500001000400000008004100004010000800045041001400053082002100067245016100088260002200249300000700271520000700278630001600285630002700301630001600328630003300344630002400377650002000401690001400421700003000435700002700465700002700492901006300519902000600582903003800588904001800626905003600644906000600680907001400686908001400700909004700714910001500761911001000776912001400786913000900800914002900809915001900838916000900857917000900866918001400875919003400889520213300923921000703056922000703063923000603070924001403076942001003090999001303100229241029s9999 xx 000 0 und d a201 aEspañol aTMGC12-0011BFEMF 0aEl rol de la familia en los aprendizajes de los niños del Primer Ciclo del Nivel Básico de la Escuela República de Belice del Distrito 10-06, Mendoza. aDistrito Nacional a75 a30 aAprendizaje aAsociaciones de Padres aEnseñanza aMejoramiento del Aprendizaje aRendimiento Escolar aParticipación aElaborado easesoraContrera, Alberto eautoraVeles, Adalgisa eautoraHerrera, Carmen a{"1":"Veles","2":"Herrera"}b{"1":"Adalgisa","2":"Carmen"} a1 a{"1":"Contrera"}b{"1":"Alberto"} aMagíster en aGestión de Centros Educativos a2 aNO APLICA aNO APLICA aISFODOSU, Recinto Félix Evaristo Mejía aNULLbNULL a["1"] aNO APLICA aNULL a03 de Septiembre de 2012 a10/12/19 10:12 aNULL aNULL aNO APLICA a["18","23","202","138","177"] aLos principales propósitos del estudio consistieron en determinar como el rol de la familia incide en los resultados de aprendizaje de los niños y niñas del Primer Ciclo de Básica de la Escuela República de Belice. Relación que existe entre el ambiente del hogar y el rendimiento académico de los estudiantes, valorar la percepción que tienen los docentes sobre el nivel de apoyo de las familia en los procesos de enseñanza-aprendizaje de sus hijos. Además, de describir la cultura de gestión de esta escuela es relación a la integración de los padres al proceso de enseñanza-aprendizaje. Para alcanzar los objetivo del estudio se empleó un metodología de tipo descriptivo y se fundamentó en el método inductivo, las técnicas utiliza fueron la, entrevista y el cuestionario tipo encuesta. La población de este estudio fue la Escuela de Belice del Distrito 10-6 de Mendoza; la población de estudio fue quinientos treinta y cuatro (534) estudiantes aproximadamente, de las tandas matutina de 2do, 3ro y 4to grado de la Escuela Republica de Belice del Distrito 10-06 Mendoza. De los cuales, se tomó como muestra setenta y dos (72) estudiantes de los grados mencionado. Se tomó también una muestra de los docentes, padres madres y la directora de este Centro.   Los resultados de esta investigación arrojaron, que el rol de la familia en el proceso educativo incide satisfactoriamente en los aprendizajes, que la comunicación en el hogar, la calidad de la supervisión, la transmisión de expectativa y patrones de crianza favorece el rendimiento académico, además, que a pesar del rendimiento académico deficiente, la percepción de los docentes sobre el nivel de apoyo que ellos reciben de la familia fue buena, respecto a la cultura de gestión queda evidenciado que la dirección del Centro tiene buena relación con las familia de los estudiantes.  Este estudio recomienda, que los docentes constantemente estén renovando sus estrategias y puedan en algunos momentos incluir a los padres, y que junto  a la dirección se les impartan talleres y charlas. a16 a16 a0 aNO APLICA cTesis c201d201